[Event "AGAG    I"]
[Site "SchemingMind.com"]
[Date "2019.01.01"]
[Round "-"]
[White "Mitch The Man"]
[Black "Black Knight"]
[Result "1-0"]
[WhiteCountry "USA"]
[BlackCountry "USA"]
[WhiteElo "1370"]
[WhiteRD "60"]
[BlackElo "1256"]
[BlackRD "50"]
[GameID "436521"]

1. e4 e5 2. Nf3 Nc6 3. Bc4 Nf6 4. Qe2 d5 5. exd5 Nxd5 6. Nxe5 Qe7 7. Bxd5 Qxe5 8. Qxe5+ Nxe5 9. O-O Bd6 10. Re1 O-O
11. d4 Ng6 12. c3 Bf5 13. Na3 c6 14. Bb3 Rfe8 15. Rxe8+ Rxe8 16. Be3 c5 17. Nb5 Be7 18. dxc5 a6 19. Nc7 Rd8 20. Nd5 Bf8
21. Rd1 Be6 22. Nf6+ gxf6 23. Rxd8 Bxb3 24. axb3 Kg7 25. g3 Ne7 26. Rb8 Nf5 27. Bf4 Bxc5 28. Rxb7 Bd6 29. Bd2 Be5 30. Ra7 Nd6
31. Rxa6 Nb7 32. Be3 Nd6 33. Bc5 Ne4 34. Bb4 Nd2 35. Ra8 Nxb3 36. Bf8+ Kg6 37. f4 Bc7 38. Ra3 Nd2 39. Kg2 Nc4 40. Ra2 Ne3+
41. Kf3 Nf1 42. h3 Nd2+ 43. Kg2 Nc4 44. b3 Ne3+ 45. Kf3 Nd5 46. c4 Nc3 47. Ra6 h5 48. Bb4 Nd1 49. Ke2 Nb2 50. Bc3
1-0

[Event "AGAG    I"]
[Site "SchemingMind.com"]
[Date "2019.01.01"]
[Round "-"]
[White "Black Knight"]
[Black "Mitch The Man"]
[Result "1/2-1/2"]
[WhiteCountry "USA"]
[BlackCountry "USA"]
[WhiteElo "1256"]
[WhiteRD "50"]
[BlackElo "1370"]
[BlackRD "60"]
[GameID "436522"]

1. d4 d5 2. c4 e6 3. Nc3 Bb4 4. Bd2 Bxc3 5. Bxc3 Ne7 6. c5 O-O 7. Nf3 c6 8. e3 b5 9. b4 a6 10. Bd3 Bb7
11. O-O Ng6 12. Bxg6 fxg6 13. Ne5 Nd7 14. a3 Nxe5 15. dxe5 Rf7 16. e4 dxe4 17. Qxd8+ Rxd8 18. Rad1 Rxd1 19. Rxd1 h6 20. Rd6 Re7
21. Rd8+ Kh7 22. Rd4 g5 23. Rxe4 Rd7 24. Rd4 Rxd4 25. Bxd4 Bc8 26. g4 Bd7 27. Kg2 Be8 28. Kg3 Bg6 29. h4 Be4 30. h5 Bd5=
31. f4 g6=
1/2-1/2

[Event "AGAG    I"]
[Site "SchemingMind.com"]
[Date "2019.01.01"]
[Round "-"]
[White "Mitch The Man"]
[Black "Phillip Beckett"]
[Result "0-1"]
[WhiteCountry "USA"]
[BlackCountry "ENG"]
[WhiteElo "1370"]
[WhiteRD "60"]
[BlackElo "1518"]
[BlackRD "49"]
[GameID "436523"]

1. e4 e5 2. Nf3 Nc6 3. Bc4 Nf6 4. Nc3 Nxe4 5. Nxe4 d5 6. Bb3 dxe4 7. Bxf7+ Kxf7 8. Nxe5+ Nxe5 9. O-O Qf6 10. Qe2 Bg4
11. Qxe4 c6 12. f4 Ng6 13. f5 Ne5 14. h3 Bh5 15. b3 Bc5+ 16. Kh1 Rae8 17. Bb2 Rhf8 18. Bxe5 Qxe5 19. Qc4+ Qd5 20. Qxd5+ cxd5
21. c3 Re2 22. d4 Bd6
0-1

[Event "AGAG    I"]
[Site "SchemingMind.com"]
[Date "2019.01.02"]
[Round "-"]
[White "Phillip Beckett"]
[Black "Mitch The Man"]
[Result "1-0"]
[WhiteCountry "ENG"]
[BlackCountry "USA"]
[WhiteElo "1518"]
[WhiteRD "49"]
[BlackElo "1370"]
[BlackRD "60"]
[GameID "436524"]

1. d4 d5 2. c4 Bf5 3. Nc3 e6 4. Nf3 dxc4 5. e4 Bg4 6. Bxc4 Bxf3 7. gxf3 Be7 8. Qb3 b6 9. Be3 Nh6 10. Rg1 O-O
11. d5 Bf6 12. dxe6 Bxc3+ 13. bxc3 Kh8 14. Bxh6 gxh6 15. exf7 Nd7 16. Rg8+ Rxg8 17. fxg8=Q+ Qxg8 18. Bxg8 Rxg8 19. Ke2
1-0

[Event "AGAG    I"]
[Site "SchemingMind.com"]
[Date "2019.01.01"]
[Round "-"]
[White "Mitch The Man"]
[Black "krzysztof"]
[Result "0-1"]
[WhiteCountry "USA"]
[BlackCountry "POL"]
[WhiteElo "1326"]
[WhiteRD "61"]
[BlackElo "1521"]
[BlackRD "67"]
[GameID "436527"]

1. e4 e6 2. e5 d6 3. Nf3 d5 4. d4 Bb4+ 5. c3 Be7 6. b4 a5 7. Bd3 axb4 8. O-O c5 9. c4 Bh4 10. Nxh4 Qxh4
11. Qf3 Nd7 12. Bf4 g5 13. Bxg5 Qxg5 14. cxd5 exd5 15. Bf5 Nh6 16. Bh3 Nf8 17. Bxc8 Rxc8 18. Rd1 Rd8 19. Qe2 Rg8 20. Qb5+ Nd7
21. Qxb7 Qxg2#
0-1

[Event "AGAG    I"]
[Site "SchemingMind.com"]
[Date "2019.01.02"]
[Round "-"]
[White "krzysztof"]
[Black "Mitch The Man"]
[Result "1-0"]
[WhiteCountry "POL"]
[BlackCountry "USA"]
[WhiteElo "1574"]
[WhiteRD "62"]
[BlackElo "1343"]
[BlackRD "61"]
[GameID "436528"]

1. b3 e5 2. Bb2 Bd6 3. Nc3 Ne7 4. e4 c6 5. Nf3 O-O 6. Be2 b5 7. a3 Ng6 8. d4 a6 9. b4 Qe8 10. d5 Bb7
11. dxc6 dxc6 12. O-O Nf4 13. Bd3 Nxd3 14. cxd3 h6 15. Bc1 Qe7 16. Ne2 Bc8 17. Ng3 Bb7 18. Nh5 Nd7 19. g4 Kh7 20. h4 g6
21. Ng3 f6 22. Nh2 Rg8 23. f4 Qf7 24. g5 hxg5 25. fxg5 Be7 26. h5 gxh5 27. Qxh5+ Qxh5 28. Nxh5 fxg5 29. Ng4 Kg6 30. Ng3 Nf6
31. Nxf6 Bxf6 32. Bb2 Rh8 33. Kg2 Bc8 34. Nf5 Bxf5 35. Rxf5 Rh4 36. Kg3 Rah8 37. Rf3 Rh3+ 38. Kg2 Rh2+ 39. Kg3 R8h4 40. Rg1 R4h3+
41. Kg4 Rh4+ 42. Kg3 g4 43. Rf5 R2h3+ 44. Kf2 Rh2+ 45. Rg2 g3+ 46. Kf3 R2h3 47. Rxg3+ Rxg3+ 48. Kxg3 Rh1 49. Bxe5 Bxe5+ 50. Rxe5 Kf6
51. Rc5 Rg1+ 52. Kf2 Rg6 53. Rxc6+ Kg5 54. Rxg6+ Kxg6 55. Ke3 Kf6 56. Kd4 Ke6 57. e5
1-0

[Event "AGAG    I"]
[Site "SchemingMind.com"]
[Date "2019.01.01"]
[Round "-"]
[White "Mitch The Man"]
[Black "Chessibelle"]
[Result "1-0"]
[WhiteCountry "USA"]
[BlackCountry "ENG"]
[WhiteElo "1370"]
[WhiteRD "60"]
[BlackElo "1147"]
[BlackRD "57"]
[GameID "436529"]

1. e4 e5 2. Nf3 Nc6 3. Bc4 Nf6 4. Qe2 h6 5. O-O Be7 6. a3 a6 7. Bxf7+ Kxf7 8. h3 b5 9. d3 Nh5 10. b4 g5
11. Nh2 Nd4 12. Qe1 Nf4 13. Bxf4 gxf4 14. Ra2 d6 15. Qd1 Rg8 16. f3 Bxh3 17. Rf2 Bh4 18. Rd2 h5 19. Qf1 Qe8 20. Nc3 Bf6
21. Kh1 Bxg2+ 22. Rxg2 Bg7 23. Nd5 Ne6 24. Qb1 Qd8 25. Qb3 Rh8 26. Nc3 Qe7 27. Nd5 Qh4 28. Nxc7 Rae8 29. Nxe8 Rxe8 30. Ra1 Kf8
31. Qd5 Ke7 32. Qb7+ Kf6 33. Qd5 Rd8 34. Rag1 Rg8 35. Rg6+ Ke7 36. Qxe6+ Kf8 37. Qxd6+ Kf7 38. Qd7+ Kf8 39. Qf5+ Ke8 40. Re6+ Kd7
41. Qf7+
1-0

[Event "AGAG    I"]
[Site "SchemingMind.com"]
[Date "2019.01.01"]
[Round "-"]
[White "Chessibelle"]
[Black "Mitch The Man"]
[Result "0-1"]
[WhiteCountry "ENG"]
[BlackCountry "USA"]
[WhiteElo "1147"]
[WhiteRD "57"]
[BlackElo "1370"]
[BlackRD "60"]
[GameID "436530"]

1. Nf3 e6 2. d4 Be7 3. g3 Bf6 4. e3 Ne7 5. c3 O-O 6. Be2 d5 7. b4 Bd7 8. O-O b5 9. Qd3 c6 10. Bd1 Ng6
11. Bc2 a6 12. Nbd2 Ra7 13. Bb2 a5 14. h4 a4 15. a3 Be8 16. Rfe1 Be7 17. e4 h5 18. e5 f6 19. Qe2 Nf4 20. gxf4 Bf7
21. Qd3 f5 22. Ng5 Qd7 23. Kg2 Bg6 24. Rh1 Bxg5 25. hxg5 Kf7 26. Nf3 Rh8 27. Nh4 Qe8 28. Nxg6 Kxg6 29. Qf3 h4 30. Rh3 Nd7
31. Bd3 Nb6 32. Rah1 Rh7 33. Kf1 Qh8 34. Bc1 Ra8 35. Qe2 Nc4 36. f3 Rb8 37. R1h2 Rh5 38. Qf2 Kf7 39. Qg2 g6 40. Qh1 Nb6
41. Rxh4 Rg8 42. Qg2 Rxh4 43. Ke1 Rxh2 44. Qg3 Rh1+ 45. Bf1 Rg7 46. Kd2 Rxf1 47. Kd3 Rxc1 48. Qf2 Qh1
0-1

[Event "AGAG    I"]
[Site "SchemingMind.com"]
[Date "2019.01.01"]
[Round "-"]
[White "Mitch The Man"]
[Black "JAHI"]
[Result "0-1"]
[WhiteCountry "USA"]
[BlackCountry "INT"]
[WhiteElo "1326"]
[WhiteRD "61"]
[BlackElo "2166"]
[BlackRD "78"]
[GameID "436531"]

1. e4 d6 2. d4 d5 3. e5 f6 4. Nf3 Bg4 5. exf6 gxf6 6. Be2 Bxf3 7. Bxf3 e6 8. O-O c6 9. a3 Qd7 10. Be3 Ne7
11. Nc3 Na6 12. b4 Nc7 13. Bh5+ Ng6 14. Bxg6+ hxg6 15. a4 Bxb4 16. Na2 Bd6 17. Nc3 Bxh2+ 18. Kh1 Bf4+ 19. Kg1 Rh1+
0-1

[Event "AGAG    I"]
[Site "SchemingMind.com"]
[Date "2019.01.02"]
[Round "-"]
[White "JAHI"]
[Black "Mitch The Man"]
[Result "1-0"]
[WhiteCountry "INT"]
[BlackCountry "USA"]
[WhiteElo "2166"]
[WhiteRD "78"]
[BlackElo "1326"]
[BlackRD "61"]
[GameID "436532"]

1. c3 e5 2. d3 Be7 3. d4 Bf6 4. dxe5 Bxe5 5. g3 Ne7 6. Bg5 O-O 7. Bxe7 Qxe7 8. h3 b6 9. Bg2 c6 10. h4 Bb7
11. h5 h6 12. Nh3 a5 13. g4 Ra7 14. Nd2 d5 15. Nf3 Bd6 16. Qc2 Bc8 17. g5 Bxh3 18. Bxh3 Bf4 19. gxh6 Bxh6 20. e3 Bxe3
21. fxe3 Qf6 22. Nd4 Qh4+ 23. Qf2 Qe4 24. Rg1 Re7 25. Nf5 Rc7 26. Qg3 f6 27. Qxc7
1-0

[Event "AGAG    I"]
[Site "SchemingMind.com"]
[Date "2019.01.01"]
[Round "-"]
[White "Black Knight"]
[Black "Phillip Beckett"]
[Result "0-1"]
[WhiteCountry "USA"]
[BlackCountry "ENG"]
[WhiteElo "1256"]
[WhiteRD "50"]
[BlackElo "1518"]
[BlackRD "49"]
[GameID "436533"]

1. e4 e5 2. Nf3 Nc6 3. Bb5 a6 4. Bxc6 dxc6 5. Nc3 f6 6. d3 Bg4 7. O-O Qd7 8. a3 O-O-O 9. Be3 Kb8 10. b4 Bd6
11. h3 h5 12. hxg4 hxg4 13. Nh2 Nh6 14. g3 g5 15. Na4 b5 16. Nc5 Bxc5 17. Bxc5 Qh7 18. f4 Nf7 19. Qe2 gxf4 20. Nxg4 Qh1+
21. Kf2 fxg3+ 22. Ke1 g2 23. Nf2 gxf1=Q+ 24. Qxf1 Qxf1+ 25. Kxf1 Nd6 26. Bxd6 cxd6 27. Ke2 Rh2 28. Rg1 Rdh8 29. Kf1 R8h4 30. c3 Rf4
31. Rg2 Rh1+ 32. Rg1 Rh3 33. Rg8+ Kc7 34. Rg7+ Kb6 35. Ke2 Rh2 36. Ke3 Rhxf2 37. Rg3 Rc2 38. c4 bxc4 39. a4 Rc3 40. Rg6 Rxd3+
0-1

[Event "AGAG    I"]
[Site "SchemingMind.com"]
[Date "2019.01.01"]
[Round "-"]
[White "Phillip Beckett"]
[Black "Black Knight"]
[Result "1-0"]
[WhiteCountry "ENG"]
[BlackCountry "USA"]
[WhiteElo "1518"]
[WhiteRD "49"]
[BlackElo "1256"]
[BlackRD "50"]
[GameID "436534"]

1. d4 d5 2. c4 c6 3. cxd5 cxd5 4. Nc3 Nf6 5. Nf3 Bf5 6. Bg5 h6 7. Bh4 Nbd7 8. e3 e6 9. Ne5 g5 10. Bg3 Ne4
11. Nxe4 Bxe4 12. f3 Nxe5 13. Bxe5 Rg8 14. fxe4 Bd6 15. Qa4+ Qd7 16. Bb5
1-0

[Event "AGAG    I"]
[Site "SchemingMind.com"]
[Date "2019.01.01"]
[Round "-"]
[White "Black Knight"]
[Black "krzysztof"]
[Result "0-1"]
[WhiteCountry "USA"]
[BlackCountry "POL"]
[WhiteElo "1332"]
[WhiteRD "53"]
[BlackElo "1574"]
[BlackRD "62"]
[GameID "436537"]

1. e4 e6 2. d4 Bb4+ 3. Bd2 a5 4. Bxb4 axb4 5. Nd2 c6 6. Ngf3 d5 7. e5 b6 8. Bd3 b5 9. b3 Nh6 10. Qe2 Nf5
11. Bxf5 exf5 12. e6 fxe6 13. O-O Nd7 14. Qxe6+ Qe7 15. Qxe7+ Kxe7 16. Rae1+ Kf6 17. h4 h6 18. Re2 Nf8 19. Re8 Ng6 20. Rxh8 Nxh8
21. Ra1 Be6 22. Re1 Rxa2 23. Rc1 Nf7 24. Ne5 Nxe5 25. dxe5+ Kxe5 26. Re1+ Kf6 27. Rc1 d4 28. Nf3 Bd5 29. Nxd4 Be4 30. f3 Bd5
31. Kf2 g5 32. hxg5+ hxg5 33. Re1 c5 34. Nxb5 Bxb3 35. Re2 Rxc2 36. Rxc2 Bxc2 37. g3 b3 38. Na3 b2 39. Ke2 b1=Q 40. Nxb1 Bxb1
41. Kd2 Ba2 42. Kc3 c4 43. Kb2 Bb3 44. Kc3 f4 45. g4 Ke5 46. Kd2 Kd4 47. Kc1 c3 48. Kb1 Ke3 49. Kc1 Kxf3
0-1

[Event "AGAG    I"]
[Site "SchemingMind.com"]
[Date "2019.01.02"]
[Round "-"]
[White "krzysztof"]
[Black "Black Knight"]
[Result "1-0"]
[WhiteCountry "POL"]
[BlackCountry "USA"]
[WhiteElo "1574"]
[WhiteRD "62"]
[BlackElo "1332"]
[BlackRD "53"]
[GameID "436538"]

1. e3 d5 2. Bb5+ Bd7 3. a4 Bxb5 4. axb5 c6 5. bxc6 bxc6 6. d4 e6 7. c3 Nf6 8. Nd2 Bd6 9. Ngf3 Nbd7 10. h3 O-O
11. g4 Ne4 12. Nxe4 dxe4 13. Nh2 Nf6 14. f3 Bxh2 15. Rxh2 exf3 16. Qxf3 Qd6 17. Rg2 Qd5 18. Qxd5 cxd5 19. b4 Rfc8 20. Bb2 Ne4
21. Ra5 a6 22. Rc2 h6 23. Ke2 g5 24. Kf3 Rc6 25. b5 Rb6 26. c4 dxc4 27. Kxe4 f6 28. Rxc4 Rxb5 29. Bc3 Kg7 30. Rc5 Rxa5
31. Rxa5 Kg6 32. Bb4 Rb8 33. Bc5 Ra8 34. d5 exd5+ 35. Kxd5 Rd8+ 36. Ke6 Re8+ 37. Be7 Kg7 38. Rxa6 Rc8 39. Ra3 Re8 40. Ra7 Kg6
41. Rd7 h5 42. Rd8 Rxd8 43. Bxd8 hxg4 44. hxg4 f5 45. gxf5+ Kh5 46. Bxg5 Kxg5 47. e4 Kf4 48. f6
1-0

[Event "AGAG    I"]
[Site "SchemingMind.com"]
[Date "2019.01.01"]
[Round "-"]
[White "Black Knight"]
[Black "Chessibelle"]
[Result "1-0"]
[WhiteCountry "USA"]
[BlackCountry "ENG"]
[WhiteElo "1256"]
[WhiteRD "50"]
[BlackElo "1147"]
[BlackRD "57"]
[GameID "436539"]

1. Nf3 d5 2. d4 e6 3. Bf4 Nf6 4. Nbd2 Nc6 5. e3 Bd7 6. Bb5 Be7 7. O-O O-O 8. Qe2 a6 9. Bxc6 Bxc6 10. Rfe1 b5
11. b3 Ne4 12. Qd3 f5 13. Qe2 g6 14. Nxe4 fxe4 15. Ne5 Be8 16. b4 Bxb4 17. Reb1 h5 18. Rxb4 g5 19. Bg3 Qe7 20. h3 Qxb4
21. f3 Qb2 22. Rf1 Qxa2 23. Re1 Qa3 24. fxe4 Qe7 25. exd5 exd5 26. Rf1 Bf7 27. Nc6 Qd7 28. Ne5 Qe6 29. Rxf7 Qh6 30. Rxc7 Rf6
31. Rc5 Rd8 32. Rc7 Qf8 33. Qxh5 Rf1+ 34. Kh2 Rf6 35. Qh7#
1-0

[Event "AGAG    I"]
[Site "SchemingMind.com"]
[Date "2019.01.01"]
[Round "-"]
[White "Chessibelle"]
[Black "Black Knight"]
[Result "1-0"]
[WhiteCountry "ENG"]
[BlackCountry "USA"]
[WhiteElo "1147"]
[WhiteRD "57"]
[BlackElo "1256"]
[BlackRD "50"]
[GameID "436540"]

1. Nf3 d5 2. d4 Nc6 3. e3 Bg4 4. Be2 Bxf3 5. Bxf3 e6 6. O-O Nf6 7. Qe2 Ne4 8. Nd2 Bd6 9. Nxe4 dxe4 10. Bxe4 f5
11. Bd3 Qe7 12. b3 g5 13. Qh5+ Qf7 14. Qf3 O-O-O 15. c4 g4 16. Qd1 Qh5 17. g3 Nb4 18. Be2 Qg6 19. Qe1 Nc2 20. Qa5 Nxa1
21. c5 Be7 22. Qxa7 Kd7 23. Qxb7 Ke8 24. Qxc7 Kf7 25. Bd3 Rc8 26. Qa5 Bd8 27. Qa6 Rc7 28. Qa5 Rb7 29. Qa4 Be7 30. Bb2 Qg8
31. Bxa1 e5 32. Bxf5 Qg5 33. Qc4+ Kf8 34. Qe6 Qf6 35. Qc8+ Kf7 36. Qxb7 Qxf5 37. dxe5 Qxe5 38. Bxe5 Rd8 39. a4 Ke6 40. Qe4 Rd5
41. Bb8+
1-0

[Event "AGAG    I"]
[Site "SchemingMind.com"]
[Date "2019.01.01"]
[Round "-"]
[White "Black Knight"]
[Black "JAHI"]
[Result "0-1"]
[WhiteCountry "USA"]
[BlackCountry "INT"]
[WhiteElo "1332"]
[WhiteRD "53"]
[BlackElo "2157"]
[BlackRD "82"]
[GameID "436541"]

1. d4 d6 2. e4 d5 3. e5 f6 4. Nf3 Bg4 5. Be2 Bxf3 6. Bxf3 fxe5 7. O-O exd4 8. Qxd4 Nf6 9. Bg5 Nc6 10. Qd1 Qd6
11. Bxf6 gxf6 12. Bh5+ Kd7 13. Qg4+ e6 14. Re1 Be7 15. Bf7 Ne5 16. Qh3 Nxf7 17. Nc3 c6 18. Rad1 f5 19. Qe3 Bg5 20. Qe2 Kc7
21. Qxe6 Qxe6 22. Rxe6 Rhe8 23. Rde1 Rxe6 24. Rxe6 Rg8 25. g3 Kd7 26. Re2 f4 27. h4 Bxh4 28. Kh2 fxg3+ 29. fxg3 Bxg3+ 30. Kh1 Nd6
31. Rg2 Rg6 32. Ne2 Be5
0-1

[Event "AGAG    I"]
[Site "SchemingMind.com"]
[Date "2019.01.01"]
[Round "-"]
[White "JAHI"]
[Black "Black Knight"]
[Result "1-0"]
[WhiteCountry "INT"]
[BlackCountry "USA"]
[WhiteElo "2166"]
[WhiteRD "78"]
[BlackElo "1309"]
[BlackRD "52"]
[GameID "436542"]

1. c3 e5 2. d3 d5 3. d4 e4 4. f3 Nf6 5. Bg5 Be7 6. Bxf6 Bxf6 7. fxe4 c6 8. exd5 Qxd5 9. Nd2 O-O 10. Ngf3 Bg4
11. Qb3 Qxb3 12. axb3 Bxf3 13. exf3 Re8+ 14. Kf2 b5 15. g3 Nd7 16. Bh3 Nf8 17. Ra6 Nd7 18. Bxd7 Red8 19. Bxc6 Rd6 20. Ne4 Rxc6
21. Rxc6 a5 22. Nxf6+
1-0

[Event "AGAG    I"]
[Site "SchemingMind.com"]
[Date "2019.01.01"]
[Round "-"]
[White "Phillip Beckett"]
[Black "krzysztof"]
[Result "1-0"]
[WhiteCountry "ENG"]
[BlackCountry "POL"]
[WhiteElo "1537"]
[WhiteRD "52"]
[BlackElo "1521"]
[BlackRD "67"]
[GameID "436545"]

1. d4 e6 2. e4 Na6 3. Nf3 h6 4. Nc3 c6 5. Be2 Bb4 6. a3 Be7 7. Be3 b5 8. O-O f6 9. d5 exd5 10. exd5 Bd6
11. dxc6 dxc6 12. Ne4 Bc7 13. Qxd8+ Kxd8 14. Rad1+ Ke8 15. Nc5 Nxc5 16. Bxc5 Ne7 17. Rfe1 Bb6 18. Bxe7 Kxe7 19. Bxb5+ Kf8 20. Bxc6 Rb8
21. Re8+ Kf7 22. Rxh8 Bc7 23. Nd4 Bg4 24. Rxb8 Bxb8 25. f3 Bf5 26. Nxf5 Be5 27. Nd6+ Bxd6 28. Rxd6 Kg6 29. Be4+ Kf7 30. Ra6 Ke7
31. c4 Kd7 32. c5 Kc7 33. c6 Kb8 34. b4 g5 35. Kf2 f5 36. Bd5 g4 37. fxg4 fxg4 38. b5 g3+ 39. Kxg3 h5 40. b6 axb6
41. Rxb6+
1-0

[Event "AGAG    I"]
[Site "SchemingMind.com"]
[Date "2019.01.01"]
[Round "-"]
[White "krzysztof"]
[Black "Phillip Beckett"]
[Result "0-1"]
[WhiteCountry "POL"]
[BlackCountry "ENG"]
[WhiteElo "1521"]
[WhiteRD "67"]
[BlackElo "1537"]
[BlackRD "52"]
[GameID "436546"]

1. e3 e5 2. Bc4 Nf6 3. Nc3 d5 4. Bb3 Nc6 5. a3 Be6 6. d3 Qd7 7. Nf3 O-O-O 8. Qe2 Kb8 9. h3 Bd6 10. Bd2 Rhe8
11. Nb5 Bf8 12. c3 a6 13. d4 axb5 14. a4 b4 15. a5 exd4 16. a6 b6 17. cxd4 Ka7 18. Ra4 Na5 19. Qd3 Nxb3 20. Qxb3 Ne4
21. Ne5 Qb5 22. Nd3 Nd6 23. Rxb4 Qc6 24. Ke2 Nc4 25. Rb5 Nxd2 26. Kxd2 Qc4 27. Qxc4 dxc4 28. Ne5 Kxa6 29. Nc6 Kxb5 30. Nxd8 Rxd8
31. Rb1 Bb4+ 32. Kc2 c5 33. dxc5 Bf5+ 34. Kc1 Bxb1 35. Kxb1 bxc5 36. Kc2 Ka4 37. b3+ cxb3+ 38. Kb2 Rd2+
0-1

[Event "AGAG    I"]
[Site "SchemingMind.com"]
[Date "2019.01.01"]
[Round "-"]
[White "Phillip Beckett"]
[Black "Chessibelle"]
[Result "1-0"]
[WhiteCountry "ENG"]
[BlackCountry "ENG"]
[WhiteElo "1518"]
[WhiteRD "49"]
[BlackElo "1147"]
[BlackRD "57"]
[GameID "436547"]

1. d4 d5 2. c4 Nf6 3. Nc3 c6 4. cxd5 cxd5 5. Bg5 Nbd7 6. Nf3 e6 7. e3 Bd6 8. Bd3 g6 9. O-O O-O 10. Rc1 b6
11. Nb5 Bb8 12. Qc2 Bb7 13. Nc7 Bxc7 14. Qxc7 Rb8 15. Qxd8 Rbxd8 16. Ne5 Rde8 17. Nxd7 Nxd7 18. Bh6 Nf6 19. Bxf8 Kxf8 20. Rc7 Bc8
21. Rfc1 Kg7 22. Rxc8 Re7 23. R8c7 Nd7 24. Bb5 Kh6 25. Rxd7 Re8 26. Rxa7 e5 27. Rcc7 Rf8 28. Rxf7 Re8 29. Rxh7+ Kg5 30. h4+ Kf5
31. Bd3+ Kf6 32. Raf7+ Ke6 33. Rfg7 Kd6 34. Bxg6 Re6 35. Rd7+ Kc6 36. Rc7+ Kb5 37. Bd3+ Kb4 38. Rc3 Ka4 39. Ra7+ Kb4 40. Rb3#
1-0

[Event "AGAG    I"]
[Site "SchemingMind.com"]
[Date "2019.01.01"]
[Round "-"]
[White "Chessibelle"]
[Black "Phillip Beckett"]
[Result "0-1"]
[WhiteCountry "ENG"]
[BlackCountry "ENG"]
[WhiteElo "1147"]
[WhiteRD "57"]
[BlackElo "1518"]
[BlackRD "49"]
[GameID "436548"]

1. Nf3 Nf6 2. d4 d5 3. e3 e6 4. Bd2 c5 5. Nc3 Nc6 6. a3 cxd4 7. exd4 Be7 8. Be2 O-O 9. O-O Bd7 10. Bd3 Rc8
11. Qe2 Qb6 12. b3 a6 13. g3 Qc7 14. Nd1 b5 15. c3 Na5 16. b4 Nc4 17. Bc1 Bd6 18. Ne3 Nxe3 19. Bb2 Nc4 20. Ng5 h6
21. Nh3 Nxb2 22. Qxb2 Qxc3 23. Qe2 Qc7 24. Qe3 Qb8 25. Rae1 Ne4 26. Bc2 Rc3 27. Bd3 Rfc8 28. Nf4 Bxf4 29. gxf4 Rxa3 30. Qh3 Rcc3
31. Re3 Qxf4 32. Rf3 Qg5+ 33. Kh1 Qd2 34. Qh5 Rxd3 35. Qxf7+ Kh7 36. Qxd7 Rxf3 37. Qxe6 Nxf2+ 38. Kg1 Nh3+
0-1

[Event "AGAG    I"]
[Site "SchemingMind.com"]
[Date "2019.01.01"]
[Round "-"]
[White "Phillip Beckett"]
[Black "JAHI"]
[Result "0-1"]
[WhiteCountry "ENG"]
[BlackCountry "INT"]
[WhiteElo "1526"]
[WhiteRD "52"]
[BlackElo "2157"]
[BlackRD "82"]
[GameID "436549"]

1. d4 d6 2. e4 c6 3. c4 c5 4. dxc5 dxc5 5. Qxd8+ Kxd8 6. Be3 b6 7. Nc3 Bb7 8. f3 e6 9. O-O-O+ Nd7 10. Nb5 a6
11. Nd6 Bxd6 12. Rxd6 Kc7 13. Rd2 Ne7 14. Ne2 Ne5 15. Nc3 Rad8 16. Rxd8 Rxd8 17. Be2 f6 18. Rd1 Rxd1+ 19. Kxd1 N7c6 20. Bf4 Nd4
21. Bxe5+ fxe5 22. Bd3 Bc6 23. Ne2 Kd6 24. Nxd4 exd4 25. Ke2 b5 26. cxb5 axb5 27. b3 e5 28. a3 Be8 29. Kd2 Kc6 30. g3 Bf7
31. Kc2 c4 32. bxc4 bxc4 33. Bf1 Kc5 34. f4 exf4 35. gxf4 Be8 36. Kd2 Bb5 37. Kc1 d3 38. Kd2 Kd4 39. e5 c3+ 40. Kd1 Ba4+
41. Kc1 d2+
0-1

[Event "AGAG    I"]
[Site "SchemingMind.com"]
[Date "2019.01.01"]
[Round "-"]
[White "JAHI"]
[Black "Phillip Beckett"]
[Result "1-0"]
[WhiteCountry "INT"]
[BlackCountry "ENG"]
[WhiteElo "2133"]
[WhiteRD "80"]
[BlackElo "1559"]
[BlackRD "53"]
[GameID "436550"]

1. c3 d5 2. c4 dxc4 3. Qa4+ Nc6 4. Qxc4 Be6 5. Qc2 Qd7 6. Nc3 O-O-O 7. g3 f6 8. Bg2 Bf7 9. Bxc6 Qxc6 10. Nf3 e5
11. d3 Bb4 12. Bd2 Ne7 13. Rc1 Bxc3 14. Bxc3 Bd5 15. Qd1 Bxf3 16. exf3 Qd6 17. Qa4 Kb8 18. Rd1 Nc6 19. Kf1 Nd4 20. Kg2 Qd5
21. Bxd4 Qxd4 22. Qc4 Qb6 23. Qf7 Rhg8 24. Rd2 Rdf8 25. Qc4 Rd8 26. Rc1 Rge8 27. Qf7 Rg8 28. d4 exd4 29. Rc4 Rdf8 30. Qd5 Kc8
31. Rcxd4 c6 32. Qe6+ Kb8 33. Rd7 Re8 34. Qd6+ Kc8 35. Rf7 Rd8 36. Qe6+ Kb8 37. Rxd8+ Qxd8 38. Qb3 Qc8 39. Rxb7+ Qxb7 40. Qxg8+ Qc8
41. Qxg7 Qe6 42. Qxh7 Qxa2 43. Qh8+ Kb7 44. Qxf6
1-0

[Event "AGAG    I"]
[Site "SchemingMind.com"]
[Date "2019.01.01"]
[Round "-"]
[White "krzysztof"]
[Black "Chessibelle"]
[Result "1-0"]
[WhiteCountry "POL"]
[BlackCountry "ENG"]
[WhiteElo "1574"]
[WhiteRD "62"]
[BlackElo "1229"]
[BlackRD "60"]
[GameID "436557"]

1. e3 e5 2. Nc3 Nc6 3. Bc4 Nf6 4. a3 Be7 5. Qf3 O-O 6. h3 a6 7. d3 d6 8. e4 h6 9. g4 Nh7 10. Nd5 Bh4
11. Ne2 Be6 12. Ng3 Ng5 13. Bxg5 Bxg5 14. Nf5 Nd4 15. Qd1 c6 16. Nde3 g6 17. Ng3 Qf6 18. Bxe6 Nxe6 19. Ne2 Qf3 20. Kd2 Qxf2
21. Kc3 Qxe3 22. h4 Qc5+ 23. Kb3 Nd4+ 24. Nxd4 exd4 25. hxg5 Qxg5 26. Qf3 Rab8 27. Ka2 c5 28. Raf1 Qe5 29. Rxh6 Qe6+ 30. Kb1 f6
31. Qh3 Kf7 32. Qh4 Ke7 33. Rxg6 Kd7 34. Rfxf6 Qe8 35. Rg7+ Kc6 36. g5 b5 37. Qh6 Rd8 38. Ra7 Kb6 39. Rh7 Ka5 40. Rxf8 Qe5
41. Rxd8 Qg3 42. Qh1 Qe5 43. Qe1+ Ka4 44. b3+ Kxa3 45. Qa5#
1-0

[Event "AGAG    I"]
[Site "SchemingMind.com"]
[Date "2019.01.01"]
[Round "-"]
[White "Chessibelle"]
[Black "krzysztof"]
[Result "0-1"]
[WhiteCountry "ENG"]
[BlackCountry "POL"]
[WhiteElo "1229"]
[WhiteRD "60"]
[BlackElo "1574"]
[BlackRD "62"]
[GameID "436558"]

1. Nf3 Na6 2. d4 Nf6 3. g3 h6 4. Nc3 d5 5. Bg2 c6 6. a3 Bg4 7. O-O Bxf3 8. Bxf3 e6 9. Bd2 Bd6 10. Na4 b5
11. Nc3 g5 12. e3 h5 13. Qe2 h4 14. Bg2 h3 15. Bh1 Nc7 16. e4 dxe4 17. f3 exf3 18. Qxf3 Ncd5 19. Ne2 Qb6 20. Qf2 O-O-O
21. Bxg5 Be7 22. b3 Rdg8 23. Bd2 Rg4 24. Bc1 c5 25. Bb2 c4 26. Rfc1 Bd6 27. Bxd5 Nxd5 28. Qxf7 Bxg3 29. Nxg3 Ne3 30. Qf3 Rhg8
31. Qxe3 Qd6 32. Qf3 Rxg3+ 33. hxg3 Rxg3+ 34. Kf2 Rxf3+ 35. Kxf3 cxb3 36. cxb3+ Kb7 37. b4 Qd5+ 38. Ke3 Qb3+ 39. Bc3 Qd5 40. Be1 Qg2
41. Bf2 Qd5 42. Rc3 h2 43. Bg3 h1=Q 44. Ra2 Qhf3+ 45. Kd2 Qg2+
0-1

[Event "AGAG    I"]
[Site "SchemingMind.com"]
[Date "2019.01.02"]
[Round "-"]
[White "krzysztof"]
[Black "JAHI"]
[Result "0-1"]
[WhiteCountry "POL"]
[BlackCountry "INT"]
[WhiteElo "1574"]
[WhiteRD "62"]
[BlackElo "2157"]
[BlackRD "82"]
[GameID "436559"]

1. e3 d6 2. Bb5+ c6 3. Ba4 a6 4. c4 d5 5. cxd5 Qxd5 6. Nf3 Bg4 7. h3 Bxf3 8. Qxf3 Qxf3 9. gxf3 e6 10. a3 Bd6
11. Nc3 Be5 12. d4 Bc7 13. f4 Ba5 14. b4 Bd8 15. Ne4 Nf6 16. Nd6+ Ke7 17. Nxb7 Bb6 18. Nc5 a5 19. bxa5 Bxc5 20. dxc5 Rxa5
21. Bb3 Na6 22. a4 Rb8 23. Bd2 Rxc5 24. Bd1 Ne4 25. f3 Nxd2 26. Kxd2 Rb2+ 27. Ke1 Rc3 28. e4 Re3+ 29. Kf1 Nb4 30. a5 Nd3
31. Bc2 Rxc2 32. Re1 Rxe1#
0-1

[Event "AGAG    I"]
[Site "SchemingMind.com"]
[Date "2019.01.01"]
[Round "-"]
[White "JAHI"]
[Black "krzysztof"]
[Result "1-0"]
[WhiteCountry "INT"]
[BlackCountry "POL"]
[WhiteElo "2157"]
[WhiteRD "82"]
[BlackElo "1574"]
[BlackRD "62"]
[GameID "436560"]

1. c3 c5 2. d3 Nc6 3. d4 e6 4. dxc5 b6 5. cxb6 Qxb6 6. g3 Bc5 7. e3 Bb7 8. Bg2 Nf6 9. Nf3 h6 10. Qe2 O-O-O
11. a3 d5 12. c4 dxc4 13. Nbd2 Qa5 14. Qxc4 Bb4 15. axb4 Qxa1 16. Ne5 Qa6 17. b5 Qa5 18. Nxf7 Rxd2 19. Bxd2 Qa1+ 20. Ke2 Rd8
21. Rxa1 Rd7 22. bxc6 Bxc6 23. Qxc6+ Rc7 24. Qa8+ Kd7 25. Qd8#
1-0